Score 0/16 Timer 03:00
1 Play Today
Musical Title Missing Word % Correct
The Phantom of the _____Opera
98%
Jesus _____ SuperstarChrist
97.2%
_____ and the Amazing Technicolor DreamcoatJoseph
91.8%
Love _____ DiesNever
81.2%
_____ BoulevardSunset
72%
_____ and DanceSong
59.5%
Starlight _____Express
56.9%
The _____ in WhiteWoman
47.8%
Musical Title Missing Word % Correct
Aspects of _____Love
45%
Whistle Down the _____Wind
36.7%
Tell Me on a _____Sunday
31.9%
The Likes of _____Us
22.3%
Bombay _____Dreams
18.7%
_____ JeevesBy
12.1%
The Beautiful _____Game
11.5%
Stephen _____ the MusicalWard
8.5%

Today's Daily Dose

Remove Ads.
Support Sporcle.
Get the best of Sporcle when you Go Orange. This ad-free experience offers more features, more stats, and more fun while also helping to support Sporcle. Thank you for becoming a member.

You're not logged in!

Compare scores with friends on all Sporcle quizzes.
OR
Log In

Show Comments

Extras

Top Quizzes Today


Score Distribution

Your Account Isn't Verified!

In order to create a playlist on Sporcle, you need to verify the email address you used during registration. Go to your Sporcle Settings to finish the process.

Report this User

Report this user for behavior that violates our Community Guidelines.

Details: